The curriculum of the college of agriculture (Record no. 20441)

MARC details
000 -LEADER
fixed length control field 00880cam a22002411 4500
001 - CONTROL NUMBER
control field e 21000126
003 - CONTROL NUMBER IDENTIFIER
control field DLC
005 - DATE AND TIME OF LATEST TRANSACTION
control field 20260227111212.0
008 - FIXED-LENGTH DATA ELEMENTS--GENERAL INFORMATION
fixed length control field 940411s1921 dcua f000 0 eng c
010 ## - LIBRARY OF CONGRESS CONTROL NUMBER
LC control number e 21000126
035 ## - SYSTEM CONTROL NUMBER
System control number (OCoLC)30115228
040 ## - CATALOGING SOURCE
Original cataloging agency Library, U.S. Bur. of Education
Transcribing agency IEN
Modifying agency DLC
050 00 - LIBRARY OF CONGRESS CALL NUMBER
Classification number L111
Item number .A6 1920, no. 40
051 ## - LIBRARY OF CONGRESS COPY, ISSUE, OFFPRINT STATEMENT
Classification number S533
Item number .W6
Copy information Copy 2.
100 1# - MAIN ENTRY--PERSONAL NAME
Personal name Woodward, Carl Raymond,
Dates associated with a name 1890-
245 14 - TITLE STATEMENT
Title The curriculum of the college of agriculture
Statement of responsibility, etc. [by] Carl R. Woodward ...
260 ## - PUBLICATION, DISTRIBUTION, ETC.
Place of publication, distribution, etc. Washington,
Name of publisher, distributor, etc. Govt. Print. Off.,
Date of publication, distribution, etc. 1921.
300 ## - PHYSICAL DESCRIPTION
Extent 86 p. incl. diagrs., tables.
Dimensions 23 cm.
490 1# - SERIES STATEMENT
Series statement [U.S.] Bureau of Education. Bulletin,
Volume/sequential designation 1920, no. 40
500 ## - GENERAL NOTE
General note At head of title: Department of the Interior ...
650 #0 - SUBJECT ADDED ENTRY--TOPICAL TERM
Topical term or geographic name entry element Agricultural colleges
Geographic subdivision United States.
830 #0 - SERIES ADDED ENTRY--UNIFORM TITLE
Uniform title Bulletin (United States. Bureau of Education) ;
Volume/sequential designation 1920, no. 40.

No items available.

Powered by Koha